Late Gothic Sculpture (Record no. 1119)

MARC details
000 -CABECERA
campo de control de longitud fija 01023nam a2200241 a 4500
001 - NÚMERO DE CONTROL
campo de control BRCA_1249
005 - FECHA Y HORA DE LA ÚLTIMA TRANSACCIÓN
campo de control 20190320203340.0
008 - DATOS DE LONGITUD FIJA--INFORMACIÓN GENERAL
campo de control de longitud fija 940728s1994 be-a---##b---#001-0#eng-d
020 ## - NÚMERO INTERNACIONAL ESTÁNDAR DEL LIBRO
Número Internacional Estándar del Libro 0810935775
041 ## - CÓDIGO DE LENGUA
Código de lengua del texto/banda sonora o título independiente eng
Código de lengua original dut
050 #4 - SIGNATURA TOPOGRÁFICA DE LA BIBLIOTECA DEL CONGRESO
Número de clasificación NB633
Número de documento/Ítem .S74 1994
100 1# - ENTRADA PRINCIPAL--NOMBRE DE PERSONA
Nombre de persona Steyaert, John William
9 (RLIN) 4116
245 10 - MENCIÓN DE TÍTULO
Título Late Gothic Sculpture
Resto del título the Burgundian Netherlands
Mención de responsabilidad, etc. John W. Steyaert with the collaboration of Monique Tahon-Vanroose and contributions by Wim Blockmans and Leon Smets ; translations by Ted Alkins.
260 ## - PUBLICACIÓN, DISTRIBUCIÓN, ETC.
Lugar de publicación, distribución, etc. Ghent, Belgium
Nombre del editor, distribuidor, etc. Ludion Press
Fecha de publicación, distribución, etc. 1994
300 ## - DESCRIPCIÓN FÍSICA
Extensión 352 p.
Otras características físicas il. (algunas a color)
Dimensiones 31 cm.
500 ## - NOTA GENERAL
Nota general Catálogo de la exposición realizada en Meesterwerken van de Gotische Beeldhouwkunst, 18 septiembre - 27 noviembre, 1994
500 ## - NOTA GENERAL
Nota general Incluye índice alfabético
504 ## - NOTA DE BIBLIOGRAFÍA, ETC.
Nota de bibliografía, etc. Bibliografía: p. 344-348
650 14 - PUNTO DE ACCESO ADICIONAL DE MATERIA--TÉRMINO DE MATERIA
Término de materia o nombre geográfico como elemento de entrada Escultura holandesa
Subdivisión de forma Exposiciones
9 (RLIN) 4117
650 14 - PUNTO DE ACCESO ADICIONAL DE MATERIA--TÉRMINO DE MATERIA
Término de materia o nombre geográfico como elemento de entrada Escultura gótica
Subdivisión de forma Exposiciones
Subdivisión geográfica Netherlands
9 (RLIN) 4118
700 1# - PUNTO DE ACCESO ADICIONAL--NOMBRE DE PERSONA
Nombre de persona Tahon-Vanroose, Monique
9 (RLIN) 4119
942 ## - ELEMENTOS DE PUNTO DE ACCESO ADICIONAL (KOHA)
Fuente del sistema de clasificación o colocación Library of Congress Classification
Tipo de ítem Koha Libros
Holdings
Estado de retiro Estado de pérdida Estado dañado No para préstamo Localización permanente Ubicación/localización actual Fecha de adquisición Total de préstamos Signatura topográfica completa Código de barras Fecha visto por última vez Precio válido a partir de Tipo de ítem Koha
El ejemplar forma parte de la colección y puede ser consultado según las políticas vigentes.       Biblioteca del Museo Franz Mayer (Rogerio Casas-Alatriste) Biblioteca del Museo Franz Mayer (Rogerio Casas-Alatriste) 26/06/2008   NB633 .S74 1994 01751 22/03/2019 22/03/2019 Libros